Zdaňovanie príjmov spoločníkov spoločností s ručením obmedzeným v roku 1995

Spôsob zdanenia príjmov spoločníkov spoločností s ručením obmedzeným (SRO) podľa zákona č. 286/1992 Zb. o daniach z príjmov. Ustanovenia zákonov, podmienky zdanenia, konkrétne variantné príklady výpočtu daňového základu. 1. Príjmy za prácu spoločníkov SRO (nepovolené preddavky, vyrovnanie preddavkov...

Descrizione completa

Salvato in:
Dettagli Bibliografici
Autore principale: Piršelová, Dagmar
Natura: Capitolo di libro
Lingua:slovacco
Soggetti:
Tags: Aggiungi Tag
Nessun Tag, puoi essere il primo ad aggiungerne!!

MARC

LEADER 00000naa a2200000 4500
001 r016736
005 20221205102149.3
041 0 |a slo 
044 |a SK 
245 1 0 |a Zdaňovanie príjmov spoločníkov spoločností s ručením obmedzeným v roku 1995  |c Dagmar Piršelová 
520 |a Spôsob zdanenia príjmov spoločníkov spoločností s ručením obmedzeným (SRO) podľa zákona č. 286/1992 Zb. o daniach z príjmov. Ustanovenia zákonov, podmienky zdanenia, konkrétne variantné príklady výpočtu daňového základu. 1. Príjmy za prácu spoločníkov SRO (nepovolené preddavky, vyrovnanie preddavkov, osobitná sadzba dane). 2. Príjmy z kapitálového majetku. 
610 2 0 |a Slovensko 
610 2 0 |a 1995 
610 2 0 |a spoločnosti s r.o. 
610 2 0 |a dane z príjmov 
610 2 0 |a zákony 
610 2 0 |a podnikatelia 
610 2 0 |a daňovníci 
100 1 |a Piršelová, Dagmar